| 000 | 00950nam a2200193 a 4500 | ||
|---|---|---|---|
| 008 | 211026s2013 ||||||||||||||||| || u | ||
| 020 | _a9781446209042 | ||
| 050 | _aHM 741 Sco | ||
| 100 | _aScott John | ||
| 245 | 1 | 0 |
_aSocial network analysis (Third edition) _cBy John Scott |
| 250 | _aThird edition | ||
| 260 |
_aLondon _c2013 |
||
| 300 | _ax, 201 pages : illustrations | ||
| 650 | 0 | _aSOCIAL NETWORKS | |
| 650 | _aSOCIAL SCIENCES--NETWORK ANALYSIS | ||
| 995 |
_aMAIN LIBRARY OPEN ACCESS _e751356 _FCBU-MAIN LIBRARY (Kitwe) _I49.00 _jHM 741 Sco _M1 _UAVAILABLE _WOct 26, 2021 _y751356 _ZMain Library Open Access Collection |
||
| 995 |
_aMAIN LIBRARY OPEN ACCESS _e751357 _FCBU-MAIN LIBRARY (Kitwe) _I49.00 _jHM 741 Sco _M2 _UAVAILABLE _WOct 26, 2021 _y751357 _ZMain Library Open Access Collection |
||
| 995 |
_aMAIN LIBRARY OPEN ACCESS _e751358 _FCBU-MAIN LIBRARY (Kitwe) _I49.00 _jHM 741 Sco _M3 _UAVAILABLE _WOct 26, 2021 _y751358 _ZMain Library Open Access Collection |
||
| 999 |
_c76586 _d76586 |
||